Ali Words (A-Z) Quiz Stats

 Plays Quiz Updated Aug 11, 2018

Score 0/25 Timer 07:00
2 Plays Today
Hint Ali word % Correct
Land of Uluru, the emu and the didgeridooAustralia
92.4%
King Arthur's swordExcalibur
85.2%
It goes with bold and underlineitalics
84.3%
One who wins gold, silver or bronzemedalist
83.1%
To destroy or damage someone else's propertyvandalize
82%
Insurgent force in AfghanistanTaliban
81.3%
Citizen of KathmanduNepali
77.1%
Fish on a menuhalibut
75.3%
Like gambling in Nevada or marijuana in Coloradolegalized
74.4%
The Q of QC, in the corporate worldquality
65.5%
It's smaller than a brigade but bigger than a platoonbattalion
61.9%
Political party for Alexander Hamilton and John AdamsFederalist
61.4%
He's known as the father of modern physicsGalileo
60%
Hint Ali word % Correct
Field for Woodward and Bernsteinjournalism
58.9%
Play on which 'My Fair Lady' is basedPygmalion
56.8%
Hindu festival of lightsDiwali
56.1%
Island off the coast of Los Angeles; or a salad dressingCatalina
55.1%
Get revengeretaliate
53.8%
Vocation for Captain Ahabwhaling
49%
Word used to describe the rights to life, liberty and the pursuit of happiness in the Declaration of Independenceunalienable
44.7%
Neil Gorsuch replaced him on the US Supreme CourtScalia
43.3%
Rwanda's capitalKigali
38.9%
Stephanie who starred opposite Pierce Brosnan in 'Remington Steele'Zimbalist
37.9%
Like the birthstone for October; iridescentopaline
33.5%
Richard Nixon's birthplace (2 words)Yorba Linda
29.4%

You're not logged in!

Compare scores with friends on all Sporcle quizzes.
OR
Log In

Sporcle TV

Today on Sporcle TV


Watch our educational content, quiz creation guides, and fun videos on Sporcle TV.

Show Comments

Extras

Top Quizzes Today


Score Distribution

Your Account Isn't Verified!

In order to create a playlist on Sporcle, you need to verify the email address you used during registration. Go to your Sporcle Settings to finish the process.

Report this User

Report this user for behavior that violates our Community Guidelines.

Details: